000 00396pab a2200145 454500
008 180718b1985 xxu||||| |||| 00| 0 eng d
100 _aWood, Robert
245 _aThe aid regime and international debt
_bCrisis and structural adjustment
260 _c1985
300 _a179-212
362 _aApr.
650 _aForeign Credit - Underdeveloped
773 _aDevelopment and Change
909 _a8771
999 _c8771
_d8771